[Event "ARM-ch"]
[Site "Yerevan"]
[Date "2000.09.06"]
[Round "7"]
[White "Sargissian, Gabriel"]
[Black "Anastasian, Ashot"]
[Result "1/2-1/2"]
[WhiteElo "2474"]
[BlackElo "2571"]
[Annotator "Huebner,R"]
[PlyCount "91"]
[EventDate "2000.08.30"]
[EventType "tourn"]
[EventRounds "9"]
[EventCountry "ARM"]
[EventCategory "11"]
[SourceTitle "CBM 079"]
[Source "ChessBase"]
[SourceDate "2000.11.21"]
[SourceVersion "1"]
[SourceVersionDate "2000.11.21"]
[SourceQuality "1"]

1. Nf3 d5 2. d4 Nf6 3. c4 c6 4. Qc2 g6 5. Bf4 Bg7 6. e3 Bf5 7. Qb3 Bxb1 $2 8.
Qxb7 {Dies ist, soweit ich sehe, noch nicht vorgekommen:} (8. Rxb1 Qb6 9. Qxb6
axb6 10. h3 O-O 11. a3 Nbd7 12. Be2 Ra4 13. cxd5 Nxd5 14. Bh2 b5 $11 {1-0
Rakitskaja,M-Razuvajeva,J/St Petersburg 1998/EXT 2000 (75)}) 8... Bf5 9. Qxa8
Qa5+ 10. Nd2 O-O 11. Qb7 {Es sieht so aus, als habe Schwarz keine genügende
Kompensation für das geopferte Material.} Ne4 12. Rd1 e5 13. Bxe5 Bxe5 14. dxe5
Na6 15. Qb3 $2 (15. cxd5 Nb4 (15... Nac5 16. b4) 16. Nxe4 Bxe4 17. a3 {war
viel einfacher, weil der Turm des Schwarzen nicht ins Spiel kommt.}) 15... Nb4
{Dies ist ein sehr geschicktes Manöver: Schwarz nimmt der Dame des Gegners das
Feld a3. Nach} (15... Rb8 16. Qa3 {müßte Schwarz aufgeben.}) 16. a3 {Diese
natürliche Antwort kann nicht verkehrt sein.} ({Die Fortsetzung} 16. f3 Nc5 17.
Qc3 Na4 18. Qc1 Qb6 {ist nicht angenehmer für Weiß.}) 16... Na6 17. cxd5 {
Auch hier ist es schwer, etwas Besseres anzugeben.} Rb8 18. Qc4 (18. Qa2 {
birgt Gefahren:} Nxd2 19. Rxd2 Nb4 20. Qc4 Nc2+ 21. Ke2 Rxb2 22. e4 Bxe4 23.
Qxe4 Qc3 {, und es gibt keine zureichende Verteidigung gegen die Drohung
Sc2-d4+.}) (18. Qc2 {führt auch zu keinem klaren Gewinn:} Nxf2 19. e4 Nxd1 (
19... Bxe4 20. Qc3 $18) (19... Nxh1 20. exf5 cxd5 21. e6 $18) 20. exf5 Nxb2 (
20... Ne3 21. Qxc6 $18) 21. e6 Qxa3 22. exf7+ Kxf7 23. fxg6+ hxg6 24. Be2 Kg7 {
usw.}) 18... Nxd2 19. b4 ({Auch die Fortsetzung} 19. Rxd2 Rxb2 20. Qd4 Rb1+ 21.
Ke2 Nc5 {überläßt dem Schwarzen genügend Gegenspiel zum Erreichen des
Unentschieden.}) 19... Nxc4 20. bxa5 cxd5 21. Rxd5 Be6 22. Rd4 Rb1+ 23. Rd1 Rb3
24. Be2 Rxa3 25. O-O Nb4 26. Rd4 Rc3 27. Bxc4 Bxc4 28. Rd8+ Kg7 29. Rc8 a6 30.
f4 Nd5 31. Re1 h5 32. g3 Rxe3 33. Rxe3 Nxe3 34. h3 Bb5 35. Kf2 Nc4 36. g4 hxg4
37. hxg4 g5 38. Rc7 Kf8 39. Kf3 gxf4 40. Kxf4 Nxa5 41. Kf5 Be8 42. Kf6 Nc6 43.
e6 fxe6 44. g5 Nb4 45. Rh7 Nd5+ 46. Kxe6 1/2-1/2

[Event "Donner Memorial"]
[Site "Amsterdam"]
[Date "1995.??.??"]
[Round "2"]
[White "Van Wely, Loek"]
[Black "Salov, Valery"]
[Result "1-0"]
[WhiteElo "2585"]
[BlackElo "2685"]
[Annotator "Huebner,R"]
[PlyCount "76"]
[EventDate "1995.08.??"]
[EventType "tourn"]
[EventRounds "11"]
[EventCountry "NED"]
[EventCategory "16"]
[SourceTitle "CBM 049"]
[Source "ChessBase"]
[SourceDate "1995.12.01"]
[SourceVersion "1"]
[SourceVersionDate "1995.12.01"]
[SourceQuality "1"]

1. d4 {King} d5 2. Nf3 Bf5 3. c4 e6 4. Nc3 c6 5. Qb3 Qb6 6. c5 Qc7 7. Bf4 Qc8
8. Nh4 Bg6 9. Nxg6 hxg6 10. e4 Nf6 11. exd5 Nxd5 12. Nxd5 cxd5 13. Bxb8 Qxb8
14. Bb5+ Kd8 15. g3 Be7 {Bisher war die Zugreihe mit der Partie
Robatsch-Hertneck, Mannschaftsmeisterschaft von Österreich 1994/95 (EXP 1995)
identisch. Dort geschah} (15... Qc7 16. O-O b6 17. Rfe1 Be7 18. Re5 Rh5 19. Qf3
Bf6 20. Qxd5+ {1-0. Es erstaunt mich, daß Salov die Stellung des Schwarzen für
befriedigend hielt. Wohl verbessert er die Spielweise des Schwarzen, doch ist
die unsichere Stellung des schwarzen Königs eine Quelle steter Gefahr. Weiß
besitzt einen ebenso einfachen wie wirksamen Spielplan: er rückt seine
Damenflügelbauern vor. Für Schwarz ist kein Gegenspiel ersichtlich; die Frage
ist nur, ob er sich halten kann: eine unerfreuliche und unbefriedigende
Situation.}) 16. O-O Bf6 17. Rad1 Qc7 18. Rfe1 a6 $2 (18... b6 {mußte versucht
werden:} 19. c6 (19. Qa4 bxc5 20. dxc5 Qxc5 21. b4 Qd6 (21... Qb6 22. Bc6 Rc8
23. Bxd5 Ke7 24. Bxe6 $18) 22. Bc6 Rc8 23. b5 Rc7 $13) (19. Qa3 bxc5 20. dxc5
Rb8 $13) 19... a6 20. Qa3 Be7 21. Qa4 Qa7 $13) 19. Bf1 Qc6 20. Qc2 {King:
White has an automatic and natural plan of breaking on the queenside with
b4-b5, which is difficult for Black to prevent as he cannot contest the light
squares. Salov attempts a blockade, but it is broken with ease.} b5 21. b4 Ke7
22. Rd2 Rhb8 (22... a5 23. a4 $18) 23. Ra1 g5 24. a4 Kd7 25. Qd1 Bd8 26. Rda2
$18 bxa4 27. Rxa4 a5 28. bxa5 {King: Keeping the initiative rather than taking
material with 28 b5 Rxb5 29 Bxb5 Qxb5, when Black has chances to hold.} (28. b5
Rxb5 {gestattet dem Schwarzen längere Gegenwehr, obwohl seine Stellung nach}
29. Bxb5 Qxb5 30. Rb1 {ebenfalls unhaltbar sein dürfte.}) 28... Rb2 29. a6 Bf6
30. R1a2 Rbb8 31. a7 Rc8 32. Ra6 {King: White's attack is irresistable as he
cannot defend himself on the light squares.} Qb7 33. Rb6 Qc7 34. Qb3 Bxd4 35.
Rb7 Bxc5 36. Qb5+ Kd6 37. Ra6+ Ke5 38. Rxc7 Rxc7 1-0

[Event "Sarajevo Bosnia 35th"]
[Site "Sarajevo"]
[Date "2005.05.21"]
[Round "3"]
[White "Bologan, Viktor"]
[Black "Movsesian, Sergei"]
[Result "1-0"]
[WhiteElo "2700"]
[BlackElo "2628"]
[Annotator "Huebner,R"]
[PlyCount "49"]
[EventDate "2005.05.19"]
[EventType "tourn"]
[EventRounds "9"]
[EventCountry "BIH"]
[EventCategory "16"]
[SourceTitle "CBM 108"]
[Source "ChessBase"]
[SourceDate "2005.09.26"]
[SourceVersion "1"]
[SourceVersionDate "2005.09.26"]
[SourceQuality "1"]

1. d4 d5 2. c4 c6 3. Nf3 Nf6 4. e3 a6 5. Qc2 e6 6. Nbd2 Nbd7 7. b3 Be7 8. Bb2 {
Ich zitiere eine Vorgängerpartie, weil sie Aufschluß über die Möglichkeiten
der strukturellen Entwicklung bietet, die in der Stellung beschlossen sind:} (
8. Bd3 c5 9. Bb2 O-O 10. cxd5 exd5 11. O-O h6 (11... b6 {ist geboten; nun
führt die Fortsetzung} 12. e4 dxe4 13. Nxe4 Bb7 14. dxc5 Bxe4 15. Bxe4 Nxe4 16.
Qxe4 Nxc5 17. Qg4 Bf6 (17... f6 18. Rfe1 {sieht ungesund für Schwarz aus.}) 18.
Rad1 Qe7 19. Rfe1 Ne6 {zu einer Stellung, die Schwarz bei genauer Verteidigung
sollte halten können.}) 12. Rad1 ({Die ruhige Fortsetzung} 12. dxc5 Bxc5 (12...
Nxc5 {scheitert an} 13. Bxf6) 13. Rac1 {überläßt dem Weißen einen dauerhaften
positionellen Vorteil.}) 12... b6 13. e4 Bb7 14. dxc5 (14. e5 Ne8 15. Bf5 {
kommt meines Erachtens mehr in Betracht; nach} Nc7 {ist die Folge} 16. dxc5
bxc5 17. Nc4 {unangenehm für Schwarz.} (17. Ne4 {verdient ebenfalls Erwägung.})
) 14... Nxc5 (14... bxc5 15. exd5 {ist positionell unbefriedigend für Schwarz.}
) (14... Rc8 {verdient dagegen Untersuchzung.}) 15. e5 Nfe4 16. Qb1 Nxd3 17.
Qxd3 Rc8 18. Nd4 Qd7 ({Nach} 18... Bb4 19. Nxe4 (19. N2f3 Re8 {gibt dem Weißen
keinen Vorteil.}) 19... dxe4 20. Qg3 Qg5 {hat Schwarz meines Erachtens keine
Probleme.}) 19. Nxe4 dxe4 20. Qg3 Bc5 21. b4 Bxd4 ({Die Folge} 21... Bxb4 22.
Nc2 Qe7 (22... Bd2 {scheitert an} 23. e6) 23. Nxb4 Qxb4 24. Ba3 {ist ungünstig
für Schwarz.}) 22. Rxd4 Qe7 23. Rd6 $16 {1-0 Karpov,A-Mecking,H/Buenos Aires
2001/CBM 085/[Huebner,R] (40). (39)}) 8... O-O 9. Bd3 h6 {Es fragt sich, ob
dies nötig ist. Nach} (9... b6 10. Ne5 Bb7 11. f4 Rc8 {hat Schwarz eine solide
Stellung.}) 10. O-O {Es sieht verlockend aus, einen Plan zu verfolgen, der
lange Rochade und rasches g2-g4 umfaßt.} c5 11. Rad1 b6 12. e4 dxe4 13. Nxe4
Qc7 14. d5 ({Die Fortsetzung} 14. Rfe1 Bb7 {gibt dem Schwarzen eine feste,
solide Stellung.}) 14... exd5 15. cxd5 $6 (15. Nxf6+ Nxf6 16. cxd5 Bg4 17. Be2
{ist solider und überläßt dem Weißen meines Erachtens einigen Vorteil. Das
Bauernopfer ist unklar, führt aber zu einem raschen Erfolg.}) 15... Nxd5 16.
Bc4 Nb4 $2 {Dieser naheliegende Zug führt sofort zum Verlust. Richtig ist} (
16... Nf4 {Jetzt ist} 17. Rxd7 Qxd7 18. Qc3 Qg4 {natürlich nicht wirksam; es
ist an Weiß zu zeigen, daß er Kompensation für den geopferten Bauern hat.}) 17.
Rxd7 $18 Qxd7 18. Qc3 Qg4 19. Nfg5 Qxg5 20. Nxg5 Bf6 21. Qf3 Bxb2 22. Nxf7 b5
23. Nxh6+ Kh7 24. Qxf8 bxc4 25. Qxc5 1-0

[Event "Ljubljana"]
[Site "Ljubljana"]
[Date "1997.??.??"]
[Round "9"]
[White "Vukic, Milan"]
[Black "Mencinger, Vojko"]
[Result "1-0"]
[WhiteElo "2490"]
[BlackElo "2395"]
[Annotator "Huebner,R"]
[PlyCount "135"]
[EventDate "1997.05.20"]
[EventType "tourn"]
[EventRounds "11"]
[EventCountry "SLO"]
[EventCategory "9"]
[SourceTitle "CBM 058 Extra"]
[Source "ChessBase"]
[SourceDate "1997.07.29"]
[SourceVersion "1"]
[SourceVersionDate "1997.07.29"]
[SourceQuality "1"]

1. Nf3 d5 2. g3 c6 3. Bg2 Bg4 4. b3 Nd7 5. Bb2 Ngf6 6. O-O e6 7. d3 (7. c4 Be7
8. d4 O-O 9. Nc3 Qa5 (9... Rb8 10. h3 Bxf3 11. Bxf3 b5 12. cxb5 cxb5 13. Qd3 a6
14. Rfc1 Qb6 15. Rc2 Rbc8 16. Rac1 Qb8 17. e3 Nb6 18. Kg2 Bd6 19. h4 h6 20. Ne2
{1/2-1/2 Martinovic,S-Todorovic,G/JUG-chT 1997/EXP 59}) 10. a3 (10. h3 Bxf3 11.
Bxf3 b5 12. c5 b4 13. Na4 Rfe8 14. Qc2 Bf8 15. Rfe1 g6 16. Rad1 Bg7 17. Bc1 e5
18. dxe5 Nxe5 19. Bg2 Ned7 20. Bd2 Qb5 21. e4 dxe4 22. Bxe4 Nxe4 23. Rxe4 Rxe4
24. Qxe4 a5 {Csom,I-Petran,P/HUN-ch 1973/MCD-ch/1/2-1/2 (42)}) 10... Qa6 11.
Nd2 Ne8 12. h3 Bh5 13. g4 Bg6 14. e4 dxe4 15. Ndxe4 Rd8 16. Qe2 Ndf6 17. Rfd1
Nxe4 18. Nxe4 Bxe4 19. Bxe4 Bf6 20. Qc2 g6 21. Rd3 Bg7 22. Rad1 Nd6 23. Bg2 b5
24. cxb5 cxb5 25. Rc3 b4 26. axb4 Qb6 27. Rc5 Qxb4 28. Bc3 Qb8 29. Ba5 Rd7 30.
d5 e5 31. Rc7 Rfd8 32. Rc1 Bf8 33. Qc6 Qb5 34. Rc5 Qxc6 35. dxc6 Rxc7 36. Bxc7
Re8 37. Rd5 Re6 38. Bb8 e4 39. c7 Re8 40. Bxe4 Rxe4 41. Rxd6 Re1+ 42. Kg2 Rc1
43. Rd8 {1-0 Vukic,M-Komljenovic,D/Biel op 1989/EXT 89op}) 7... Bc5 8. d4 Be7
9. c4 O-O 10. Nc3 h6 11. h3 Bf5 12. Nd2 Bg6 13. e4 dxe4 14. Ndxe4 Nxe4 15. Nxe4
Nf6 16. Nd2 Qa5 17. a3 Rad8 18. Qc1 Rfe8 19. Bc3 Qc7 20. Qb2 Rd7 21. Rfe1 Rdd8
22. Re2 Bd3 23. Re3 Bh7 24. Rae1 Qd6 25. a4 Bf5 26. Nf3 Qc7 27. Ne5 c5 {
Schwarz wird überraschend aktiv, aber das erfordert Aufmerksamkeit Er sollte
deshalb vielleicht lieber sein ideenloses Hin- und Herziehen mit} (27... Nd7 {
fortsetzen.}) 28. Nf3 b6 $2 ({Schwarz mußte der Drohung 29.d5 mit dem Zuge} 
28... Bf8 {begegnen:} 29. d5 (29. dxc5 Bxc5 30. Bxf6 gxf6 31. Qxf6 (31. R3e2
Qxg3 $17) 31... Bxe3 32. Rxe3 Kh7 {braucht Schwarz auch nicht zu fürchten.})
29... exd5 30. Bxf6 Rxe3 31. Rxe3 gxf6 32. cxd5 (32. Qxf6 d4 {mit Vorteil für
Schwarz.}) 32... Rxd5 33. Qxf6 Qd6 {Schwarz hat nichts zu befürchten.}) 29. d5
exd5 30. Bxf6 gxf6 31. cxd5 Bc8 32. Qe2 Kf8 33. Nd2 f5 34. Nc4 Ba6 35. Qb2 Kg8
36. d6 Rxd6 37. Nxd6 Qxd6 38. Qc2 (38. Qe5 {beendete die Partie sofort. Jetzt
kommt Schwarz noch zur Überführung seines Damenläufers nach e6.}) 38... Bc8 39.
Bf1 Be6 40. Bc4 Bf6 41. Kg2 Kg7 42. Bxe6 fxe6 43. Qc4 Kf7 44. Rf3 Qc6 45. Rd1
a5 46. Rdd3 Rc8 47. g4 Rg8 48. Kf1 fxg4 49. hxg4 Rg5 50. Qf4 e5 51. Qc4+ Kg7
52. Qd5 Qxd5 53. Rxd5 Rxg4 54. Rd7+ Kg6 55. Rd6 Rf4 56. Rxf4 exf4 57. Kg2 Kf5
58. Rxb6 Bc3 59. Kf3 Ke5 60. Rxh6 Bb4 61. Rh3 c4 62. bxc4 Kd4 63. Kxf4 Bd6+ 64.
Kf3 Kxc4 65. Ke2 Bb4 66. f4 Be7 67. f5 Kb4 68. Re3 1-0

[Event "Vinkovci"]
[Site "Vinkovci"]
[Date "1995.??.??"]
[Round "?"]
[White "Kovacevic, Vlatko"]
[Black "Rosandic, Denis"]
[Result "1-0"]
[WhiteElo "2520"]
[BlackElo "2385"]
[Annotator "Huebner,R"]
[PlyCount "47"]
[EventDate "1995.04.??"]
[EventType "tourn"]
[EventRounds "11"]
[EventCountry "CRO"]
[EventCategory "9"]
[SourceTitle "CBM 048"]
[Source "ChessBase"]
[SourceDate "1995.10.01"]
[SourceVersion "1"]
[SourceVersionDate "1995.10.01"]
[SourceQuality "1"]

1. d4 d5 2. Nf3 Nf6 3. e3 c6 4. c4 dxc4 $2 5. Bxc4 Bf5 $4 {Die
Eröffnungsbehandlung des Schwarzen ist nicht nachahmenswert.} 6. Qb3 $18 e6 7.
Qxb7 Nbd7 8. Nc3 Be7 9. O-O O-O 10. Qxc6 Rc8 11. Qa6 Bc2 12. Bb3 Nb8 13. Qa4
Bd3 14. Rd1 Ba6 15. d5 exd5 16. Nxd5 Nxd5 17. Rxd5 Qb6 18. Bd2 Nc6 19. Bc3 Bb4
20. Nd4 Bxc3 21. bxc3 Ne7 22. Rd7 Ng6 23. Qb4 Qf6 24. Rd6 1-0

[Event "FRA-chT Gp-B"]
[Site "France"]
[Date "2003.02.01"]
[Round "2.3"]
[White "Pelletier, Yannick"]
[Black "Slobodjan, Roman"]
[Result "1-0"]
[WhiteElo "2624"]
[BlackElo "2514"]
[Annotator "Huebner,R"]
[PlyCount "79"]
[EventDate "2003.01.31"]
[EventType "team"]
[EventRounds "7"]
[EventCountry "FRA"]
[SourceTitle "CBM 094"]
[Source "ChessBase"]
[SourceDate "2003.05.26"]
[SourceVersion "1"]
[SourceVersionDate "2003.05.26"]
[SourceQuality "1"]
[WhiteTeam "Mulhouse"]
[BlackTeam "Bischwiller"]
[WhiteTeamCountry "FRA"]
[BlackTeamCountry "FRA"]

1. Nf3 d5 2. d4 c6 3. c4 a6 4. Qc2 Nf6 5. Bf4 Bg4 (5... g6 6. e3 Bf5 7. Qb3 b5
8. cxd5 cxd5 9. Be2 (9. a4 $5) 9... Nc6 10. O-O Na5 11. Qd1 Rc8 $11 {1/2-1/2
Revil,B-Berglund,J/Troms 1994/EXT 99 (33). (32)}) (5... dxc4 6. Qxc4 Bf5 7.
Nbd2 e6 8. Rc1 $14 {Y. Pelletier, "Schachwoche" 6/2003, S.21.}) 6. Ne5 Bh5 (
6... e6 {ist solider, aber Weiß behält natürlich einen dauerhaften Vorteil.})
7. Qb3 Ra7 $2 (7... b5 {ist aktiver und bietet ausreichendes Gegenspiel:} 8.
cxb5 (8. cxd5 Qxd5 $13) 8... axb5 9. Qh3 Ra4 10. g4 (10. e3 e6 {und nun folgt
nach} 11. g4 {die Überrumpelung} Qa5+ 12. Ke2 Rxa2 13. Rxa2 Qxa2 14. Nd2 Bb4 {
usw.}) 10... Bg6 11. Nxg6 fxg6 12. e3 {Anders ist der Bauer auf d4 nicht gut
zu decken.} Qa5+ 13. Nc3 Rb4 (13... Ne4 14. Bd3 Nxc3 15. bxc3 Qxc3+ 16. Ke2 {
ist ungemütlich für Schwarz.}) 14. Rc1 (14. Bxb8 Rxb2 15. Rc1 Rb1 16. Rxb1
Qxc3+ 17. Ke2 Ne4 {und Schwarz gewinnt.}) 14... Rxb2 15. Bd3 b4 {Schwarz hat
eine gefährliche Initiative.}) 8. Qh3 $1 (8. g4 Bg6 $13 {Y. Pelletier} (8...
Nxg4 $2 9. Nxg4 Bxg4 10. Qg3 $18 {Y. Pelletier})) 8... dxc4 9. Nc3 (9. g4 Bg6
10. Nxg6 fxg6 11. Nd2 b5 $13 {Y. Pelletier, "Schachwoche" 6/2003, S.22.}) 9...
b5 10. g4 Bg6 11. Bg2 Nd5 (11... b4 {ist nicht besser:} 12. Nxc6 (12. Nxg6 fxg6
13. Bxb8 Qxb8 14. Bxc6+ Kd8 15. Na4 {ist auch gut für Weiß.}) 12... Nxc6 13.
Bxc6+ Rd7 14. Nd1 Be4 15. Bxd7+ Qxd7 16. f3 Bc6 17. e3 Nxg4 18. Rg1 $16 {
Schwarz hat keine genügende Kompensation für das geopferte Material.}) 12. Nxd5
cxd5 13. g5 e6 (13... Bc2 {verheißt keine Rettung:} 14. Rc1 f6 15. Rxc2 fxe5
16. dxe5 g6 17. Rd2 $18) 14. Nxg6 Bb4+ 15. Kf1 fxg6 16. Qxe6+ Re7 17. Qxd5 $18
Rd7 18. Qe4+ Re7 19. Qa8 Bd6 20. Bxd6 Qxd6 21. h4 Rf8 22. Rh3 Rf5 23. a4 b4 24.
Rd1 Kf8 25. Be4 Rf4 26. Bd5 Re8 27. e3 Qd7 28. Rg3 Rf5 29. Be4 Qxa4 30. Rc1 c3
31. bxc3 b3 32. Bxf5 Qb5+ 33. c4 b2 34. Rb1 Qxc4+ 35. Kg2 Nc6 36. Rf3 gxf5 37.
Rxf5+ Ke7 38. Qb7+ Kd6 39. Rc5 Qa4 40. Rxb2 1-0

[Event "RUS-Cup01 Chigorin Memorial"]
[Site "St Petersburg"]
[Date "1997.11.02"]
[Round "2"]
[White "Shipov, Sergei"]
[Black "Popov, Valerij"]
[Result "1-0"]
[WhiteElo "2575"]
[BlackElo "2440"]
[Annotator "Huebner,R"]
[PlyCount "69"]
[EventDate "1997.11.01"]
[EventType "swiss"]
[EventRounds "9"]
[EventCountry "RUS"]
[SourceTitle "CBM 062"]
[Source "ChessBase"]
[SourceDate "1998.01.31"]
[SourceVersion "1"]
[SourceVersionDate "1998.01.31"]
[SourceQuality "1"]

1. d4 d5 2. c4 c6 3. Nf3 dxc4 4. e3 b5 5. a4 e6 6. axb5 cxb5 7. b3 Bb4+ 8. Bd2
Bxd2+ 9. Nbxd2 a5 10. bxc4 b4 11. Ne5 Nf6 12. Be2 (12. Qa4+ Nfd7 (12... Bd7 13.
Nxd7 Nbxd7 14. c5 O-O 15. Bb5 e5 16. Nf3 exd4 17. exd4 Qe7+ 18. Kf1 Nxc5 19.
dxc5 Qxc5 20. Bd3 Rac8 21. Qb3 Rfd8 22. h3 a4 23. Qb1 b3 24. Ne1 Qb4 25. Qb2
Nd5 26. g3 Ra8 27. Qa3 b2 {0-1 Kuemin,S-Khenkin,I/Wangs Pizol op 1996/EXT 96op2
}) 13. c5 O-O 14. Nec4 Nf6 15. Be2 Nd5 16. Bf3 Bd7 17. Qc2 Bb5 18. Nd6 Ba6 19.
N2c4 Nc6 20. O-O Qc7 21. Rfc1 Bxc4 22. Nxc4 Nce7 23. Qb3 Ra7 24. g3 Rb8 25. Kg2
h6 26. Rc2 Nc3 {Miles,A-Hodgson,J/Hastings9596 1996/CBM 51/[Huebner,R]/1-0 (38)
}) 12... O-O (12... Bb7 13. Bf3 Qc7 14. Qa4+ Nfd7 15. Bxb7 Qxb7 16. O-O O-O 17.
Nxd7 Qxd7 18. Nb3 Nc6 19. Rfd1 Qc7 20. h3 Rfd8 21. e4 h6 22. d5 Ne7 23. Qb5 a4
24. Rxa4 Rxa4 25. Qxa4 Qxc4 26. d6 Nc8 27. Rd4 Qc3 28. d7 Nb6 29. Qxb4 Qxb4 30.
Rxb4 Nxd7 31. Rd4 {1/2-1/2 Zysk,R-Stangl,M/BL9495 1995/BL 90}) 13. Bf3 Ra6 (
13... Ra7 $5 {Ich traue dieser Variante überhaupt nicht; es scheint mir ein
Wunder, daß Schwarz nicht gleich weggefegt wird.}) 14. O-O Qc7 15. Qa4 Nbd7 16.
Nd3 e5 17. Qb5 exd4 18. exd4 Ra7 (18... Ne8 {war die richtige Fortsetzung:} 19.
Rfc1 (19. Nxb4 $2 Rh6) (19. c5 $2 Rh6) 19... Nd6 20. Qg5 h6 (20... Qd8 21. Qf4)
21. Qg3 Qb8 {Die Lage des Schwarzen bleibt sehr unbequem.}) 19. c5 Rd8 20. Nb3
Nf8 21. Ne5 Be6 (21... Ne6 22. Qb6 {kostet Schwarz den a-Bauern und ist
deshalb ebenfalls hoffnungslos; auf} Nxd4 23. Nxd4 Rxd4 24. Nc6 Rh4 {folgt} 25.
g3 {mit Gewinn.}) 22. Nxa5 $18 Rb8 23. Qc6 Qd8 24. Qd6 Qxd6 25. cxd6 Rb6 26.
Nac6 Rxa1 27. Rxa1 b3 28. d5 b2 29. Rb1 Ra6 30. Ne7+ Kh8 31. dxe6 g5 32. Nxf7+
Kg7 33. Nf5+ Kg6 34. Be2 Ra1 35. Bd3 1-0

[Event "Hotel Agro GM"]
[Site "Budapest"]
[Date "1999.08.07"]
[Round "9"]
[White "Ovsejevitsch, Sergei"]
[Black "Varga, Zoltan"]
[Result "1-0"]
[WhiteElo "2515"]
[BlackElo "2541"]
[Annotator "Huebner,R"]
[PlyCount "47"]
[EventDate "1999.08.05"]
[EventType "tourn"]
[EventRounds "9"]
[EventCountry "HUN"]
[EventCategory "10"]
[SourceTitle "CBM 073"]
[Source "ChessBase"]
[SourceDate "1999.12.01"]
[SourceVersion "1"]
[SourceVersionDate "1999.12.01"]
[SourceQuality "1"]

1. d4 d5 2. c4 c6 3. Nf3 dxc4 4. Nc3 b5 5. a4 b4 6. Ne4 {Es ist erstaunlich,
daß es für diesen naheliegenden Zug keinen Vorgänger zu geben scheint.} Nf6 (
6... Nd7 {zur Vorbereitung der Vorstöße e7-e5 oder c6-c5 kommt in Betracht;
der Damenspringer des Weißen steht augenblicklich auf e4 gar nicht so wirksam.}
) 7. Ng3 e6 8. e4 Ba6 9. Bg5 Qa5 10. Be2 Nbd7 11. O-O Be7 12. Rc1 c5 $2 {
Die Öffnung der Stellung ist nicht angebracht. Nach} (12... Nb6 13. Ne5 Rc8 {
entsteht eine zweischneidige Stellung mit Aussichten für beide Seiten.}) 13. d5
exd5 14. e5 Ng8 ({Nach} 14... d4 15. exf6 gxf6 16. Bh4 d3 17. Nf5 {gewinnt
Weiß mühelos.}) 15. Qxd5 Nb6 16. Qc6+ Kf8 17. Nf5 $18 {Die Initiative des
Weißen hat entscheidende Kraft; die am Damenflügel zusammengeballten Figuren
des Schwarzen können dem König nicht zu Hilfe eilen.} Rc8 18. Qe4 ({Die
Fortsetzung} 18. Rfd1 {hat Meriten; aber der Textzug ist einfach und gut.})
18... Rc7 {Schwarz entfernt prophylaktisch den Turm von c8. Nach} (18... h6 19.
Bxe7+ Nxe7 20. Nd6 Rc7 21. e6 f6 22. Rfd1 {wird seine Stellung rasch
zusammenbrechen. Aber auch der Textzug hilft nichts; die achte Reihe wird
tödlich schwach.}) 19. Rfd1 g6 $2 {Dies führt zum sofortigen Zusammenbruch.
Aber auch nach} (19... f6 20. exf6 Nxf6 21. Qe5 Nc8 22. N3d4 {wird der Kampf
nicht mehr lange dauern.}) 20. Nxe7 ({Ebensogut ist} 20. Bxe7+ Rxe7 21. Rd8+
Re8 22. Rxe8+ Kxe8 23. Qc6+ Nd7 24. Qa8+ Qd8 25. Nd6+ Ke7 26. Qxd8+ Kxd8 27.
Nxf7+ {mit Gewinn.}) 20... Rxe7 21. Rd8+ Re8 (21... Kg7 22. Bf6+ Nxf6 23. exf6+
Kxf6 24. Qh4+ {ist ebenfalls nicht vorteilhaft für Schwarz.}) 22. Rxe8+ Kxe8
23. Qc6+ Kf8 24. Qd6+ 1-0

[Event "Ciocaltea Memorial"]
[Site "Bucharest"]
[Date "1998.??.??"]
[Round "12"]
[White "Badea, Bela"]
[Black "Iordachescu, Viorel"]
[Result "1/2-1/2"]
[WhiteElo "2545"]
[BlackElo "2520"]
[Annotator "Huebner,R"]
[PlyCount "43"]
[EventDate "1998.02.??"]
[EventType "tourn"]
[EventRounds "13"]
[EventCountry "ROU"]
[EventCategory "11"]
[SourceTitle "CBM 064"]
[Source "ChessBase"]
[SourceDate "1998.06.02"]
[SourceVersion "1"]
[SourceVersionDate "1998.06.02"]
[SourceQuality "1"]

1. Nf3 d5 2. g3 c6 3. Bg2 Bg4 4. O-O Nd7 5. d4 e6 6. Nbd2 Ngf6 7. c4 Be7 8. b3
O-O 9. Bb2 a5 10. a4 Bb4 (10... Re8 $5) 11. Ne1 Re8 12. Nd3 Bd6 13. Nf3 h6 14.
Nfe5 Bf5 15. f3 Bh7 16. Rc1 Qe7 17. Nxd7 Nxd7 (17... Qxd7 $13) 18. e4 dxe4 19.
fxe4 e5 20. d5 Nc5 21. Nxc5 Bxc5+ 22. Kh1 1/2-1/2